| 000 | 01162nam0a22002771 4500 | ||
|---|---|---|---|
| 001 | rc\2562688 | ||
| 005 | 20250623105411.0 | ||
| 035 | _a(NLR Aleph) 006727604 | ||
| 090 |
_a5509836 _c5509836 |
||
| 100 | _a20110914d1927 |||y0rusy50 ca | ||
| 101 | 0 | _arus | |
| 102 | _aRU | ||
| 105 | _aa z ||||| | ||
| 200 | 1 |
_aТруд гильзовой машинистки _e[Альбом снимков] _fИ. Митников, Я. Ривин |
|
| 210 |
_a[Ленинград] _c[Госуд. рефлексологич. инст. по изучению мозга] _c[Ленингр. гос. табтрест] _d[1927] _gучеб. типо-лит.1-го дома коммуны [и] лит. Ленингр. табтреста |
||
| 215 |
_a[24] л., ил., граф. _d11х18 см. |
||
| 300 | _aБез тит. листа. Описано по обложке | ||
| 300 | _aОтпечатано коричневой краской | ||
| 700 | 1 |
_aМитников _bИ.А. _f1896- _gИона Абрамовна |
|
| 701 | 1 |
_aРивин _bЯ. |
|
| 801 | 0 |
_aRU _bNLR _gpsbo |
|
| 801 | 1 |
_aRU _bELAR _2rusmarc |
|
| 852 |
_aNLR _j41/1955 |
||
| 942 | _cBOOK | ||
| 980 | _aNB | ||